|
|
|
|
| LEADER |
00728cam a2200229 7i4500 |
| 001 |
0000018830 |
| 005 |
20151104090000.0 |
| 005 |
##20151104121900.0 |
| 003 |
##MY-KlINT |
| 020 |
# |
# |
|a 9781564149640
|
| 039 |
# |
9 |
|y 201511041219
|z VLOAD
|
| 090 |
0 |
0 |
|a 658.3
|b SNY
|
| 100 |
1 |
# |
|a Snyder, David
|
| 245 |
1 |
0 |
|a How to hire a champion :
|b insider secrets to find, select, and keep great employees /
|c by David Snyder.
|
| 260 |
# |
# |
|a New Jersey:
|b The Career Press,
|c 2007.
|
| 300 |
# |
# |
|a 256p.;
|c 21cm.
|
| 500 |
# |
# |
|a Includes bibliographical references and index
|
| 650 |
# |
0 |
|a Organizational effectiveness
|
| 650 |
# |
0 |
|a Employees --
|x Rating of
|
| 650 |
# |
0 |
|a Employee retention
|
| 650 |
# |
0 |
|a Employee selection
|
| 650 |
# |
0 |
|a Achievement motivation
|